Ensayos sobre pedagogía: según la mente de Santo Tomás de Aquino

Gespeichert in:
Bibliographische Detailangaben
1. Verfasser: García Vieyra, Alberto (VerfasserIn)
Format: Buch
Sprache:Spanisch
Veröffentlicht: Buenos Aires Eds. Desclee 1949
Schlagworte:
Tags: Tag hinzufügen
Keine Tags, Fügen Sie den ersten Tag hinzu!

MARC

LEADER 00000nam a2200000 a 4500
001 UCX9268
003 CL-VaPUC
008 940530e19490000AG |||||||||||||||||spa|d
082 0 4 |a 371.1  |b GAR  |2 21 
100 |a García Vieyra, Alberto  |e author  |9 356703 
245 1 0 |a Ensayos sobre pedagogía: según la mente de Santo Tomás de Aquino 
300 |a 199 p 
942 |c BK 
945 |d 19940530 00:00:00  |a rbrito 
260 |a Buenos Aires  |b Eds. Desclee  |c 1949 
650 0 |a Pedagogía  |9 255351 
583 |a last modification  |c 19940530 00:00:00  |k Rodrigo Vera 
999 |c 228556  |d 228554 
952 |0 0  |1 0  |4 0  |6 371_100000000000000_GAR_1949  |7 0  |8 P  |9 228754  |a BIBEDU  |b BIBEDU  |c BIBEDU_PB  |d 2019-11-15  |i 2966417  |o 371.1 GAR 1949  |p 2966417  |r 2024-01-25  |w 2019-11-15  |y BK  |k EDU 
952 |0 0  |1 0  |4 0  |6 371_100000000000000_GAR_1949  |7 0  |8 P  |9 228755  |a BIBEDU  |b BIBEDU  |c BIBEDU_PB  |d 2019-11-15  |i 1632132  |o 371.1 GAR 1949  |p 1632132  |r 2024-01-25  |w 2019-11-15  |y BK  |k EDU 
952 |0 0  |1 0  |4 0  |6 371_100000000000000_GAR_1949  |7 0  |8 P  |9 228756  |a BIBEDU  |b BIBEDU  |c BIBEDU_PB  |d 2019-11-15  |i 2012464  |o 371.1 GAR 1949  |p 2012464  |r 2024-01-25  |w 2019-11-15  |y BK  |k EDU